Unholy wars (Record no. 549875)
[ view plain ]
| 000 -LEADER | |
|---|---|
| fixed length control field | 00673nam a2200193Ia 4500 |
| 020 ## - INTERNATIONAL STANDARD BOOK NUMBER | |
| International Standard Book Number | 0745313280(hb) |
| 082 ## - DEWEY DECIMAL CLASSIFICATION NUMBER | |
| Classification number | 958.1045 |
| Author Mark | COO |
| 100 ## - MAIN ENTRY--PERSONAL NAME | |
| Personal name | Cooley- John K. |
| 9 (RLIN) | 46562 |
| 245 ## - TITLE STATEMENT | |
| Title | Unholy wars |
| Remainder of title | Afghanistan- America and international terrorism |
| 260 ## - PUBLICATION, DISTRIBUTION, ETC. | |
| Place of publication, distribution, etc. | London |
| Name of publisher, distributor, etc. | Pluto Press |
| Date of publication, distribution, etc. | 1999 |
| 300 ## - PHYSICAL DESCRIPTION | |
| Extent | 276p |
| 526 ## - STUDY PROGRAM INFORMATION NOTE | |
| Program name | 0 |
| Interest level | 0 |
| Reading level | 0 |
| Title point value | 958_104500000000000_COO |
| 650 ## - SUBJECT ADDED ENTRY--TOPICAL TERM | |
| Topical term or geographic name entry element | Afghanistan -- Foreign Relations -- United States |
| 9 (RLIN) | 46563 |
| 650 ## - SUBJECT ADDED ENTRY--TOPICAL TERM | |
| Topical term or geographic name entry element | Espionage- American -- Islamic Countries |
| 9 (RLIN) | 46564 |
| 650 ## - SUBJECT ADDED ENTRY--TOPICAL TERM | |
| Topical term or geographic name entry element | Terrorism |
| 650 ## - SUBJECT ADDED ENTRY--TOPICAL TERM | |
| Topical term or geographic name entry element | United States -- Foreign Relations -- Afghanistan |
| 9 (RLIN) | 46565 |
| 650 ## - SUBJECT ADDED ENTRY--TOPICAL TERM | |
| Topical term or geographic name entry element | United States. Central Intelligence Agency |
| 9 (RLIN) | 46566 |
| 942 ## - ADDED ENTRY ELEMENTS (KOHA) | |
| Source of classification or shelving scheme | |
| Koha item type | Book |
| Withdrawn status | Lost status | Source of classification or shelving scheme | Damaged status | Not for loan | Permanent Location | Current Location | Date acquired | Total Checkouts | Full call number | Barcode | Date last seen | Date last checked out | Price effective from | Koha item type |
|---|---|---|---|---|---|---|---|---|---|---|---|---|---|---|
| Military College of Engineering (MCE) | Military College of Engineering (MCE) | 10/15/2014 | 2 | 958.1045 COO | MCE-44185 | 01/23/2018 | 10/10/2017 | 10/15/2014 | Book |
